The fundamentals of food engineering

Uloženo v:
Podrobná bibliografie
Hlavní autor: Charm, Stanley E (Autor)
Médium: Kniha
Jazyk:angličtina
Vydáno: Westport Avi 1978
Vydání:3a. ed
Témata:
On-line přístup:Disponible Online - Caps. 5-6 y 8
Tagy: Přidat tag
Žádné tagy, Buďte první, kdo vytvoří štítek k tomuto záznamu!

MARC

LEADER 00000nam a2200000 a 4500
001 UCV4439
003 CL-VaPUC
005 20220325131506.0
008 921124e19780000US |||||||||||||||||eng|d
999 |c 211265  |d 211263 
040 |c Pontificia Universidad Católica de Valparaíso 
082 0 4 |a 664 CHA 1978  |2 21 
100 0 |a Charm, Stanley E  |e author  |9 298693 
245 1 4 |a The fundamentals of food engineering 
250 |a 3a. ed 
260 |a Westport  |b Avi  |c 1978 
300 |a 646 p 
583 |a last modification  |c 19921124 00:00:00  |k Rodrigo Vera 
650 0 |a Industrias alimenticias  |2 CL-VaPUC  |9 741400 
650 0 |a Tecnología de alimentos  |2 CL-VaPUC  |9 259595 
856 |u http://bibliografiadigital.pucv.cl/index.php/bibliotecapucv/catalog/book/912  |y Disponible Online - Caps. 5-6 y 8 
942 |c BK  |2 ddc 
945 |d 19921124 00:00:00 
952 |0 0  |1 0  |4 0  |6 664_000000000000000_CHA_1978  |7 0  |8 A  |9 189959  |a BIBING  |b BIBING  |d 2019-11-14  |i 2576449  |l 2  |o 664 CHA 1978  |p 2576449  |r 2025-01-20  |s 2022-04-27  |w 2019-11-14  |y BK  |k EIB